Moje ulubione seriale animowane/mlodzieżowe - Statystyki

Ogólne statystyki
  • Ten quiz został rozwiązany 61 razy
  • Średni wynik to 13 z 24
Statystyki odpowiedzi
Podpowiedz Serial % Poprawnych
Lazania i leniwy kot Garfield
81%
Kot i mysz Tom i Jerry
81%
Dwaj bracia i ruda kolezanka Bolek i lolek
79%
Dwaj bracia i pepe Fineasz i Ferb
74%
Niebieskie stworki Smerfy
72%
Bikini dolne,kraboburgery SpongeBob kanciastoporty
68%
Chłopiec ktory mial swoich Wróżków Wróżkowie chrzestni
66%
Ślepe zwierze Krecik
64%
Magiczny zegarek który Przemieniał w 10 różnych Potworów Ben 10
62%
Przygody psa Reksio
62%
Magiczny napój Gumisie
60%
Młody chłopak i jego laboratorium Laboratorium Dextera
60%
Ruska bajka Wilk i Zając
53%
Pies i banda dzieciaków Scooby doo
49%
Ruda Agentka Kim Kolwiek
47%
Zak i Cody Nie ma to jak hotel
45%
Co jest doktorku Zwariowane melodie
43%
Miodowe lata w prehistorii Flintstonowie
36%
Rodzinka czarodzieji Czarodzieje z waverly place
34%
Czy jestem przystojny Johny Bravo
34%
Blond chłopiec który miał psa,A co odcinek pojawiał się krasnal z pewną rzeczą Zaczarowany ołówek
32%
Różowowłosa dziewczynka,Sportacus i Robbie Zgniłek Leniuchowo
26%
Wiecznie głodny miś Miś yogi
23%
Chłopiec ktory był smokiem Amerykański smok Jake Long
17%
Nie znaleziono quizów pasujących do podanych kryteriów
Rozkład punktacji
Procent ludzi z każdym wynikiem
Percentyl według liczby udzielonych odpowiedzi
Twoja historia wyników
Nie rozwiązałeś tego quizu